000 00729nam a2200229 a 4500
999 _c11887
_d11887
001 11887
003 BD-JhCC
005 20201124083242.0
008 201124b2017 bg a|||| ||a| 000 0 ben d
020 _a9789844844116
035 _a(BD-JhCC)11887
040 _aBD-JhCC
_dBD-JhCC
041 _aben
082 _a809.38762
_bSUM 2017
100 _aসুমন, সহস্র
245 _aসায়েন্স ফিকশন:
_bইউনিভার্সিটি অব ইউরেনাস /
_cসহস্র সুমন।
260 _aঢাকা:
_bশিখা প্রকাশনী;
_c২০১৭.
300 _a119 p. :
_c22 cm.
650 _aScience fiction
942 _2ddc
_cBK